Cercanías Cadiz - Estadísticas

Estadísticas generales
  • Esta prueba ha sido intentada 210 veces
  • La puntuación promedio es 15 de 29
Estadísticas de respuestas
Respuesta % Correcto
Cádiz
94%
El Puerto de Santa María
92%
Jerez de la Frontera
89%
Puerto Real
88%
Estadio
84%
Cortadura
77%
San Severiano
75%
San Fernando - Bahía Sur
73%
Segunda Aguada
72%
Aeropuerto de Jerez
69%
Las Aletas
69%
San Fernando Centro
69%
Universidad
67%
Valdelagrana
66%
Río Arillo
59%
Pelagatos
48%
Plaza del Rey
35%
Santo Entierro
31%
Tres Caminos
31%
Compañía de María
30%
Ardila
27%
Reyes Católicos
27%
Plaza del Carmen
25%
Nuestra Señora de los Remedios
24%
Plaza de la Iglesia
24%
Pinar de los Franceses
23%
Marquesado
22%
La Hoya
20%
Alameda Solano
19%
No se encontraron pruebas coincidentes
Distribución de puntuación
Porcentaje de gente con cada puntuación
Porcentaje por número respondido
Historial de tus puntuaciones
No has intentado esta prueba.